000 00883nam a22001935i 4500
001 152875
003 ES-MaACL
005 20230906204916.0
008 051019s1863 sp | |||||||| ||spa d
040 _aCAM
_bspa
_cCAM
100 1 _aBurnouf, Emile.
_932744
245 1 0 _aEssai sur le Vêda ou Etudes sur les religions, la littérature et la constitution sociale de l'Inde
_b: depuis les temps primitifs jusqu'aux temps brahmaniques : ouvrage pouvant servir d'introduction à l'étude des littératures occidentales /
_cpar Emile Burnouf.
260 _aParis :
_bDezobry, Fd Tandou et C.,
_c1863 (
_fImprimerie de J. Claye)
300 _aVI, [2], 476 p. ;
_c22 cm.
650 4 _aVedas.
_9147919
650 4 _aReligiones-
_zIndia.
_9147896
740 0 _aEtudes sur les religions, la littérature et la constitution sociale de l'Inde.
852 _aES-MaACL
_jG-12975
_z-- Enc. hol.
999 _c152875
_d152875